| 000 | 01012nam a22002417a 4500 | ||
|---|---|---|---|
| 005 | 20250401164510.0 | ||
| 008 | 250401b |||||||| |||| 00| 0 eng d | ||
| 037 | _cTB | ||
| 040 |
_aCRL _cCRL |
||
| 041 |
_2pun _apun |
||
| 084 |
_aV243:51 153R4 _qCRL |
||
| 100 | _aਹੈਨਸਨ, ਅੰਡੇਰਸ ਬਜੋਰਨ | ||
| 245 |
_aਪੰਜਾਬ: _bਬਟਵਾਰਾ ਅਤੇ ਨਰਸਾਂਹਰ |
||
| 260 |
_aਚੰਡੀਗਢ, ਭਾਰਤ: _bਊਨਿਸਟਾਂਰ, _c2024 |
||
| 300 | _a154p. | ||
| 365 |
_b 400.00 _cINR |
||
| 546 | _aTranslated in Punjabi by Balwinder Kaur. | ||
| 650 | _aਪੰਜਾਬ-ਇਤਿਹਾਸ | ||
| 650 | _aਇਤਿਹਾਸ | ||
| 700 |
_aਬਲਬਿੰਦਰ ਕੌਰ (Translator ) _9751709 |
||
| 942 |
_2CC _cTB _hV243:51 153R4 _n0 |
||
| 999 |
_c1308365 _d1308365 |
||